Những ngày cuối cùng của triều Nguyễn

Uloženo v:
Podrobná bibliografie
Hlavní autor: Trần Huy Liệu
Médium: Kniha
Jazyk:Undetermined
Vydáno: Huế Thuận Hóa 1997
Témata:
Tagy: Přidat tag
Žádné tagy, Buďte první, kdo otaguje tento záznam!
Thư viện lưu trữ: Trung tâm Học liệu Trường Đại học Cần Thơ
LEADER 00648nam a2200193Ia 4500
001 CTU_21279
008 210402s9999 xx 000 0 und d
020 |b 11.000đ 
082 |a 959.7 
082 |b L309 
100 |a Trần Huy Liệu 
245 0 |a Những ngày cuối cùng của triều Nguyễn 
245 0 |c Trần Huy Liệu, Phạm Khắc Hòe 
260 |a Huế 
260 |b Thuận Hóa 
260 |c 1997 
650 |a vietnam - history - 20th century,vietnam - history - august revolution, 1945 
904 |i Nguyễn Quang Điền, 971130 
980 |a Trung tâm Học liệu Trường Đại học Cần Thơ